header

Assets, livelihoods, and social policy (Record no. 31953)

MARC details
000 -LEADER
fixed length control field 01552nam a2200385Ia 4500
082 04 - DEWEY DECIMAL CLASSIFICATION NUMBER
Classification number 332.609172/4
245 00 - TITLE STATEMENT
Title Assets, livelihoods, and social policy
260 ## - PUBLICATION, DISTRIBUTION, ETC. (IMPRINT)
Place of publication Washington, DC :
Name of publisher World Bank,
Year of publication c2008.
300 ## - PHYSICAL DESCRIPTION
Number of Pages xxii, 337 p. :
Other physical details ill.
490 1# - SERIES STATEMENT
Series statement New frontiers of social policy
650 #0 - SUBJECT ADDED ENTRY--TOPICAL TERM
Topical Term Saving and investment
Topical Term Structural adjustment (Economic policy)
700 1# - ADDED ENTRY--PERSONAL NAME
Personal name Moser, Caroline O. N.
Personal name Dani, Anis A.
856 40 - ELECTRONIC LOCATION AND ACCESS
Uniform Resource Identifier http://site.ebrary.com/lib/rucke/Doc?id=10252474

No items available.

© 2026 Rongo University
Contact us: librarian | system librarian | Rongo university